| 000 | 00524nam a22001577a 4500 | ||
|---|---|---|---|
| 008 | 160301b xxu||||| |||| 00| 0 eng d | ||
| 020 | _a0-8191-2270-X | ||
| 050 | _aHB615.R47 1983 | ||
| 100 |
_aRescher, Nicholas _922643 |
||
| 245 |
_aRisk _bAphilosophical introduction to the theory of risk evaluation and management _cNicholas Rescher |
||
| 260 |
_aWashington _bUniversity Press of America _c1983 |
||
| 300 |
_avii, 208p. ; _c22cm. |
||
| 650 |
_aRisk _922644 |
||
| 650 |
_aRisk management _922645 |
||
| 942 |
_2lcc _cMONOGRAPH |
||
| 999 |
_c124273 _d124273 |
||